HBO's Succession Trivia - Statistics

General Stats
  • This quiz has been taken 589 times
  • The average score is 13 of 20
Answer Stats
Hint Answer % Correct
The main family's last name Roy
100%
Company of that family Waystar
92%
Proper spelling of Shiv's name Siobhan
83%
What Connor was interested inat a very young age Politics
82%
Actor who plays Logan Brian Cox
81%
Actor who plays Kendall Jeremy Strong
80%
TV network branch of the above ATN
72%
What you can't make a tomlette with Some Greggs
72%
Tom's last name Wambsgans
71%
Humiliating "game" played in
the "Hunting" episode
Boar on the Floor
70%
Kendall's "third-oldest friend" Stewy Hosseini
70%
Godmother of Shiv Gerri Kellman
66%
Country in which the above inflated its subscriber numbers India
63%
Mattson's company GoJo
55%
Creator of the series Jesse Armstrong
49%
Head of PGM company Nan Pierce
47%
Scottish city where Logan grew up Dundee
46%
Italian region where Carolinehad her wedding Tuscany
43%
GOP presidential candidate in SE4 Jeryd Mencken
39%
Former CEO of PGM Rhea Jarrell
32%
No matching quizzes found
Score Distribution
Percent of People with Each Score
Percentile by Number Answered
Your Score History
You have not taken this quiz